000
00181nam a2200097Ia 4500
100
_a
#N/A
942
_c
BK
245
_a
36 Issues of Digit
260
_b
#N/A
_c
2004
546
_a
ENGLISH
999
_c
20145
_d
20145